Principles of machine operation and maintenance (Record no. 77333)

MARC details
000 -LEADER
fixed length control field 00801nam a2200181 a 4500
008 - FIXED-LENGTH DATA ELEMENTS--GENERAL INFORMATION
fixed length control field 071120s1991 ||||||||||||||||| || u
020 ## - INTERNATIONAL STANDARD BOOK NUMBER
International Standard Book Number 0750602937
050 ## - LIBRARY OF CONGRESS CALL NUMBER
Classification number TJ 1160 Jef
100 ## - MAIN ENTRY--PERSONAL NAME
Personal name Jeffrey, Dick
245 10 - TITLE STATEMENT
Title Principles of machine operation and maintenance
Statement of responsibility, etc. Dick Jeffrey
260 ## - PUBLICATION, DISTRIBUTION, ETC.
Place of publication, distribution, etc. Oxford
Name of publisher, distributor, etc. Butterworth/Heinemann
Date of publication, distribution, etc. 1991
300 ## - PHYSICAL DESCRIPTION
Extent viii, 147p.: ill.
350 ## -
-- 0.00
650 ## - SUBJECT ADDED ENTRY--TOPICAL TERM
Topical term or geographic name entry element ENGINEERING
650 ## - SUBJECT ADDED ENTRY--TOPICAL TERM
Topical term or geographic name entry element MACHINE--TOOLS--OPERATIONS
995 ## -
-- MAIN LIBRARY OPEN ACCESS
-- 0.00
-- 738037
-- CBU-MAIN LIBRARY (Kitwe)
-- 1
-- 0.00
-- TJ 1160 JEF
-- 1
-- AVAILABLE
-- Nov 20, 2007
-- 738037
-- Main Library Open Access Collection
995 ## -
-- MAIN LIBRARY OPEN ACCESS
-- 0.00
-- 738063
-- CBU-MAIN LIBRARY (Kitwe)
-- 1
-- 0.00
-- TJ 1160 JEF
-- 2
-- AVAILABLE
-- Nov 20, 2007
-- 738063
-- Main Library Open Access Collection
999 ## -
-- 77333
-- 77333
Holdings
Withdrawn status Lost status Source of classification or shelving scheme Damaged status Not for loan Permanent Location Current Location Shelving location Date acquired Total Checkouts Full call number Barcode Date last seen Copy number Price effective from Koha item type
          CBU-MAIN LIBRARY, KITWE. CBU-MAIN LIBRARY, KITWE.   04/25/2023   TJ 1160 Jef 738037 04/25/2023 1 04/25/2023 MONOGRAPH
          CBU-MAIN LIBRARY, KITWE. CBU-MAIN LIBRARY, KITWE.   04/25/2023   TJ 1160 Jef 738063 04/25/2023 2 04/25/2023 MONOGRAPH